| 000 | 00703nam a2200181Ia 4500 | ||
|---|---|---|---|
| 008 | 100921s9999 xx 000 0 und d | ||
| 082 |
_b25751 _a891.463 थ 90 |
||
| 100 | _aवाघे सुरेश. | ||
| 245 | _aकिती आवरशी दो कराने ?. | ||
| 260 |
_bमायबोली प्रकाशन,मुंबई. _c1990 |
||
| 300 |
_a135 _bरसिक साहित्य,पुणे |
||
| 365 | _b21 | ||
| 520 | _aललित-कादंबरी. | ||
| 630 | _aकिती आवरशी दो कराने ?. | ||
| 650 | _aललित-कादंबरी. | ||
| 730 | _aकिती आवरशी दो कराने ?. | ||
| 942 | _cBOOK | ||
| 999 |
_c774864 _d774861 |
||